three letter words - Statistics

General Stats
  • This quiz has been taken 12 times
  • The average score is 10 of 33
Answer Stats
Hint Answer % Correct
taxi cab
82%
father dad
82%
battle war
82%
hear ear
64%
7 up pop
64%
double two
64%
didn't not
55%
as well too
55%
ez bad
45%
woman her
45%
male him
45%
water tap
45%
demoman (tf2) can
36%
who's taking the test you
36%
ez and
27%
person ben
27%
ez the
27%
food eat
18%
container jar
18%
grilled cheese pan
18%
soup pot
18%
herbs tea
18%
ez bag
9%
lies cap
9%
knock knock oil
9%
my fren sam
9%
utahn ute
9%
dishonorable cad
0%
fish dap
0%
fake fad
0%
name jay
0%
something being given quo
0%
falling sag
0%
No matching quizzes found
Score Distribution
Percent of People with Each Score
Percentile by Number Answered
Your Score History
You have not taken this quiz